Soul Signs : (Record no. 586116)

MARC details
000 -LEADER
fixed length control field 00495nam a2200193 a 4500
008 - FIXED-LENGTH DATA ELEMENTS--GENERAL INFORMATION
fixed length control field 250909s1998##################000#0#eng##
020 ## - INTERNATIONAL STANDARD BOOK NUMBER
ISBN 9780684823669
082 04 - DEWEY DECIMAL CLASSIFICATION NUMBER
Classification number 133.5
Item number EIC
100 1# - MAIN ENTRY--AUTHOR NAME
Personal name Eichenbaum, Diane,
245 10 - TITLE STATEMENT
Title Soul Signs :
260 ## - PUBLICATION, DISTRIBUTION, ETC. (IMPRINT)
Name of publisher Simon and Schuster,
Year of publication 1998.
300 ## - PHYSICAL DESCRIPTION
Number of Pages 260 pages
650 #0 - SUBJECT ADDED ENTRY--TOPICAL TERM
Topical Term Body, Mind & Spirit.
942 ## - ADDED ENTRY ELEMENTS (KOHA)
Koha item type English Books
Holdings
Withdrawn status Lost status Damaged status Not for loan Home library Current library Shelving location Date acquired Full call number Accession Number Price effective from Koha item type
        Anna Centenary Library Anna Centenary Library 3RD FLOOR, A WING 09.09.2025 133.5 EIC 459470 09.09.2025 English Books

Find us on the map